[Event "2024 British Rapidplay Championship"]
[Site "Holiday Inn Peterborough - West"]
[Date "2024.03.02"]
[Round "3.25"]
[White "Shearsby, Jude"]
[Black "Hanache, Kai"]
[Result "1/2-1/2"]
[WhiteFideId "462527"]
[BlackFideId "490105"]
[WhiteElo "2028"]
[BlackElo "1886"]
[EventDate "2024.03.02"]

1. d4 Nf6 2. Nc3 d5 3. Bf4 e6 4. Nb5 Na6 5. e3 Bb4+ 6. c3 Be7 7. a4 O-O 8. Nf3 Ne4
9. Bd3 c6 10. Na3 f5 11. O-O Nc7 12. Nd2 Bd6 13. Bxd6 Qxd6 14. f3 Nxd2 15. Qxd2 e5
16. dxe5 Qxe5 17. Rae1 Be6 18. b4 b6 19. Rb1 Rae8 20. Rfe1 Qd6 21. Nc2 c5 22. bxc5
bxc5 23. Rb7 Rb8 24. Reb1 Rxb7 25. Rxb7 Qc6 26. Rb1 a6 27. a5 Qa4 28. Ra1 Qc6 1/2-1/2

[Event "2024 British Rapidplay Championship"]
[Site "Holiday Inn Peterborough - West"]
[Date "2024.03.02"]
[Round "3.26"]
[White "Harvey, Alan"]
[Black "Burrows, Martin P"]
[Result "0-1"]
[WhiteFideId "445886"]
[BlackFideId "409057"]
[WhiteElo "1996"]
[BlackElo "2057"]
[EventDate "2024.03.02"]

1. c4 Nf6 2. Nc3 e6 3. d4 Bb4 4. a3 Bxc3+ 5. bxc3 c5 6. e3 O-O 7. Bd3 Nc6 8. Ne2
b6 9. Ng3 Ba6 10. O-O Na5 11. Qe2 Rc8 12. d5 e5 13. e4 Nb3 14. Bg5 h6 15. Bxf6 Qxf6
16. Rab1 Na5 17. Nf5 d6 18. f4 Rcd8 19. Rf3 Bc8 20. fxe5 Qxe5 21. Ne3 Qxc3 22. Rg3
Qe5 23. Rf1 Nb3 24. Ng4 Bxg4 25. Qxg4 Nd4 26. Qh4 Kh8 27. Rxf7 Rxf7 28. Qxd8+ Kh7
29. Qh4 Ne2+ 30. Bxe2 Qa1+ 31. Bf1 Qxf1# 0-1

[Event "2024 British Rapidplay Championship"]
[Site "Holiday Inn Peterborough - West"]
[Date "2024.03.02"]
[Round "3.27"]
[White "Frostick, Clive A"]
[Black "Young, Daniel J"]
[Result "1/2-1/2"]
[WhiteFideId "411302"]
[BlackFideId "425184"]
[WhiteElo "2162"]
[BlackElo "1921"]
[EventDate "2024.03.02"]

1. e4 c5 2. Nf3 d6 3. Bb5+ Bd7 4. Bxd7+ Qxd7 5. c4 Nf6 6. Nc3 g6 7. d4 cxd4 8. Nxd4
Bg7 9. O-O O-O 10. f3 Rc8 11. Qd3 Nc6 12. Nxc6 bxc6 13. Rd1 Qe6 14. Be3 Nd7 15. b3
Ne5 16. Qd2 h5 17. Rac1 h4 18. h3 Bf6 19. f4 Nd7 20. e5 Bg7 21. Ne4 d5 22. cxd5 cxd5
23. Qxd5 Qxd5 24. Rxc8+ Rxc8 25. Rxd5 Nb6 26. Bxb6 axb6 27. Rb5 Rc1+ 28. Kf2 Rc2+
29. Kf3 Rxa2 30. Rxb6 Bh6 31. Rb7 Kf8 32. Rb8+ Kg7 33. Re8 Rb2 34. Nc5 e6 35. Ne4
Rxb3+ 36. Kg4 Rb4 37. Kf3 Rb3+ 38. Kg4 1/2-1/2

[Event "2024 British Rapidplay Championship"]
[Site "Holiday Inn Peterborough - West"]
[Date "2024.03.02"]
[Round "3.28"]
[White "Starley, Robert"]
[Black "Vashisht-Pigem, Raman"]
[Result "1-0"]
[WhiteFideId "421006"]
[BlackFideId "469734"]
[WhiteElo "1944"]
[BlackElo "1990"]
[EventDate "2024.03.02"]

1. e4 e6 2. d4 d5 3. Nc3 Bb4 4. e5 c5 5. a3 Bxc3+ 6. bxc3 Qc7 7. Nf3 Ne7 8. Bd3 b6
9. O-O Ba6 10. a4 h6 11. Ba3 Bxd3 12. Qxd3 Nd7 13. Rfe1 O-O 14. c4 Rfe8 15. cxd5
Nxd5 16. c4 Nb4 17. Bxb4 cxb4 18. Qb3 a5 19. Rac1 Rac8 20. Nd2 f6 21. exf6 Nxf6 22.
c5 Nd5 23. Ne4 bxc5 24. Rxc5 Qf4 25. g3 Qg4 26. Rxa5 Nf4 27. f3 Qg6 28. Rc5 Nd5 29.
Rxc8 Rxc8 30. Nc5 Re8 31. Nxe6 Rxe6 32. Qxd5 Kf7 33. Qd7+ Kf8 34. Qxe6 1-0

[Event "2024 British Rapidplay Championship"]
[Site "Holiday Inn Peterborough - West"]
[Date "2024.03.02"]
[Round "3.29"]
[White "Pelling, Kyle"]
[Black "Zhao, George"]
[Result "1-0"]
[WhiteFideId "462942"]
[BlackFideId "494607"]
[WhiteElo "1818"]
[BlackElo "1909"]
[EventDate "2024.03.02"]

1. e4 e6 2. d4 d5 3. Nc3 dxe4 4. Nxe4 Nd7 5. Bg5 Ngf6 6. Nxf6+ Nxf6 7. Bxf6 Qxf6
8. Nf3 Be7 9. c3 O-O 10. Bd3 c5 11. Qe2 cxd4 12. Nxd4 Bc5 13. Qh5 Rd8 14. Bxh7+ Kh8
15. Be4+ Kg8 16. Qxc5 Qf4 17. Bf3 e5 18. Nb3 e4 19. Be2 Be6 20. O-O Rd5 21. Qe3 Qh4
22. Nd4 Bd7 23. Rfe1 Rg5 24. Rad1 Bh3 25. g3 Rg6 26. Bf1 Bxf1 27. Rxf1 Re8 28. f4
Qh3 29. Rf2 f5 30. Rfd2 Kh7 31. Nb5 a6 32. Nc7 Re7 33. Rd7 Rh6 34. Qe2 Rxd7 35. Rxd7
Rg6 36. Nd5 b5 37. Ne3 Rf6 38. Rd5 Rf7 39. b3 g6 40. c4 bxc4 41. Qxc4 Qh6 42. Rd8
Qg7 43. Qd4 Ra7 44. Qxg7+ Kxg7 45. Nc4 a5 46. Nb6 Ra6 47. Na4 Rc6 48. Rd2 Kf6 49.
Nb2 Rc1+ 50. Kf2 Rc3 51. Nc4 a4 52. Rb2 axb3 53. axb3 Ke6 54. Ne3 Rc5 55. b4 Rb5
56. Ng2 Kf6 57. Ke3 Ke6 58. Nh4 Kf6 59. Kd4 g5 60. fxg5+ Kxg5 61. Kc4 Rb8 62. Rf2
Rc8+ 63. Kb3 Re8 64. Rxf5+ Kg4 65. Rf1 Kh3 66. Nf5 e3 67. Re1 e2 68. Nd4 Re4 69.
Kc4 Re8 70. Rxe2 Rc8+ 71. Kb3 Rd8 72. Rd2 Rd6 73. b5 Kg4 74. Kb4 Rh6 75. Ka5 Rh5
76. Ka6 Rc5 77. b6 Rc1 78. b7 Ra1+ 79. Kb6 Rb1+ 80. Nb5 Rf1 81. b8=Q Rf6+ 82. Rd6
Rf5 83. Qg8+ Rg5 84. Rd4+ Kh3 85. Qxg5 Kg2 86. Qd2+ Kg1 87. Rf4 Kh1 88. Rf1# 1-0

[Event "2024 British Rapidplay Championship"]
[Site "Holiday Inn Peterborough - West"]
[Date "2024.03.02"]
[Round "3.30"]
[White "Dougherty, Michael"]
[Black "Lim, Mark"]
[Result "1/2-1/2"]
[WhiteFideId "2601559"]
[BlackFideId "417734"]
[WhiteElo "2030"]
[BlackElo "1835"]
[EventDate "2024.03.02"]

1. d4 c5 2. c3 cxd4 3. cxd4 d5 4. Bf4 Nc6 5. e3 Nf6 6. Nc3 a6 7. Bd3 Bg4 8. Qb3 Ra7
9. Rc1 e6 10. h3 Bh5 11. Nf3 Be7 12. Na4 O-O 13. Qb6 Qxb6 14. Nxb6 Bb4+ 15. Ke2 Bg6
16. Ne5 Nxe5 17. dxe5 Bxd3+ 18. Kxd3 Ne4 19. Ke2 Ba5 20. f3 Bxb6 21. fxe4 dxe4 22.
Rc4 Ba5 23. Ra4 Bd8 24. Rd1 b5 25. Rxe4 Rc7 26. Red4 Rc2+ 27. R1d2 Rxd2+ 28. Rxd2
g5 29. Bg3 Ba5 30. Rd6 Rc8 31. Rxa6 Rc2+ 32. Kf3 Bd2 33. b3 h5 34. h4 g4+ 35. Ke4
Bc1 36. Bf4 Rxg2 37. a4 bxa4 38. bxa4 g3 39. Kf3 Rg1 40. Rc6 g2 41. Rc2 Kh7 42. Rxg2
Rf1+ 43. Ke2 Rh1 44. Bg5 Bb2 45. Bf6 Ra1 46. Kd3 Ba3 47. Kc4 Bc1 48. Kb5 Bxe3 49.
Rg7+ Kh6 50. Rxf7 Rb1+ 51. Kc4 Bd2 52. Re7 Rb6 53. Rd7 Be1 54. Rd6 Rb4+ 55. Kd3 Rxa4
56. Rxe6 Kg6 57. Rc6 Kf5 58. Rc1 Bxh4 59. Rf1+ Ke6 60. Re1 1/2-1/2

[Event "2024 British Rapidplay Championship"]
[Site "Holiday Inn Peterborough - West"]
[Date "2024.03.02"]
[Round "3.31"]
[White "Botteley, Michael T"]
[Black "Ledger, Stephen C"]
[Result "1/2-1/2"]
[WhiteFideId "427411"]
[BlackFideId "404470"]
[WhiteElo "1896"]
[BlackElo "1983"]
[EventDate "2024.03.02"]

1. d4 Nf6 2. e3 c5 3. c3 e6 4. Nd2 b6 5. f4 Bb7 6. Ngf3 Be7 7. Bd3 O-O 8. Qe2 cxd4
9. exd4 Nc6 10. O-O Qc7 11. Ng5 h6 12. Nh3 d6 13. Nf3 Rfe8 14. Bd2 e5 15. fxe5 dxe5
16. Nh4 exd4 17. Kh1 Ne5 18. Nf5 Nxd3 19. Qxd3 Rad8 20. Nxd4 Be4 21. Qb5 Bc5 22.
Nf4 Bxd4 23. cxd4 Qc6 24. Qxc6 Bxc6 25. Bc3 Ne4 26. Kg1 Rc8 27. Rad1 Bb5 28. Rfe1
Nxc3 29. Rxe8+ Bxe8 30. bxc3 Rxc3 31. d5 Kf8 32. d6 Bd7 33. Rd2 Rc6 34. Kf2 g5 35.
Nh5 Ke8 36. Nf6+ Kd8 37. Ke3 Rc5 38. Ke4 Rf5 39. Ng8 Rf1 40. Nxh6 1/2-1/2

[Event "2024 British Rapidplay Championship"]
[Site "Holiday Inn Peterborough - West"]
[Date "2024.03.02"]
[Round "3.32"]
[White "Iyengar, Ilya"]
[Black "Nezis, Anastasios"]
[Result "1/2-1/2"]
[WhiteFideId "405949"]
[BlackFideId "424471"]
[WhiteElo "1951"]
[BlackElo "1912"]
[EventDate "2024.03.02"]

1. d4 d6 2. g3 c5 3. dxc5 Qa5+ 4. Nc3 Qxc5 5. Bg2 Nf6 6. Nf3 g6 7. O-O Bg7 8. e4
O-O 9. Be3 Qh5 10. Re1 Nc6 11. Nd2 Bg4 12. f3 Be6 13. g4 Qa5 14. Nb3 Qd8 15. Qe2
Ne5 16. Rad1 Bc4 17. Qf2 b6 18. h3 Ba6 19. f4 Nc4 20. Bc1 Rc8 21. e5 Ne8 22. Kh1
e6 23. f5 d5 24. f6 Nxf6 25. exf6 Bxf6 26. Rf1 Bg7 27. Qe1 Qc7 28. Bf4 Qb7 29. Bc1
Qc7 30. Rf3 Ne5 31. Rf2 Nc4 32. Bf3 Nxb2 33. Bxb2 Bxc3 34. Bxc3 Qxc3 35. Qxc3 Rxc3
36. Kg2 Rfc8 37. Rdd2 Bc4 38. Be2 a5 39. Bxc4 R8xc4 40. Nd4 Ra4 41. Rf3 Rcc4 42.
Nb5 Rxa2 43. Rff2 Rb2 44. Nd6 Rc3 45. Nxf7 a4 46. Nd8 a3 47. Nxe6 h5 48. gxh5 gxh5
49. Rf8+ Kh7 50. Rf7+ Kg6 51. Rff2 a2 52. Rxd5 Rcxc2 53. Nf4+ Kg7 54. Nxh5+ Kh6 55.
Rd6+ Kxh5 56. Rd5+ Kg6 57. Rd6+ 1/2-1/2

[Event "2024 British Rapidplay Championship"]
[Site "Holiday Inn Peterborough - West"]
[Date "2024.03.02"]
[Round "3.33"]
[White "Jackson, Sheila"]
[Black "Siu, Kam Wa"]
[Result "1-0"]
[WhiteFideId "402508"]
[BlackFideId "6008860"]
[WhiteElo "1986"]
[BlackElo "1456"]
[EventDate "2024.03.02"]

1. e4 c5 2. Nf3 g6 3. d4 cxd4 4. Nxd4 Bg7 5. Nc3 Nc6 6. Be3 Nf6 7. Nxc6 bxc6 8. e5
Ng8 9. f4 Nh6 10. Bc4 O-O 11. O-O d6 12. exd6 Qxd6 13. Qxd6 exd6 14. Rad1 d5 15.
Bb3 Re8 16. Bd4 Bxd4+ 17. Rxd4 Nf5 18. Rd2 Ba6 19. Rc1 Rab8 20. Na4 Re4 21. Nc5 Rd4
22. Nxa6 Rxb3 23. Rxd4 Nxd4 24. axb3 Ne2+ 25. Kf2 Nxc1 26. Nb4 d4 27. Nxc6 d3 28.
cxd3 Nxd3+ 29. Ke3 Nxb2 30. Ke4 1-0

[Event "2024 British Rapidplay Championship"]
[Site "Holiday Inn Peterborough - West"]
[Date "2024.03.02"]
[Round "3.34"]
[White "Buckley, Graeme N"]
[Black "McCusker, Andrew"]
[Result "1-0"]
[WhiteFideId "402265"]
[BlackFideId "2404281"]
[WhiteElo "2267"]
[BlackElo "1786"]
[EventDate "2024.03.02"]

1. e4 c6 2. d4 d5 3. e5 Bf5 4. Nf3 e6 5. Be2 h6 6. O-O Nd7 7. Nbd2 Ne7 8. Nb3 g5
9. a4 a5 10. Bd2 Ng6 11. Ne1 Ne7 12. Kh1 Bg6 13. f4 Nf5 14. Bd3 gxf4 15. Bxf4 Bg7
16. Nf3 Nh4 17. Nxh4 Qxh4 18. Bxg6 fxg6 19. Bg3 Qe4 20. Rf4 Qxf4 21. Bxf4 O-O 22.
Be3 Kh7 23. Qe2 b6 24. Rf1 Rxf1+ 25. Qxf1 Rf8 26. Qa6 Rf7 27. h3 Bf8 28. Kg1 Be7
29. Qc8 1-0

[Event "2024 British Rapidplay Championship"]
[Site "Holiday Inn Peterborough - West"]
[Date "2024.03.02"]
[Round "3.35"]
[White "Ganti, Shriaansh"]
[Black "Tiruchirapalli, Venkataramanan"]
[Result "1-0"]
[WhiteFideId "343104781"]
[BlackFideId "5001579"]
[WhiteElo "1886"]
[BlackElo "2263"]
[EventDate "2024.03.02"]

1. e4 e5 2. Nf3 Nc6 3. Bb5 a6 4. Ba4 Nf6 5. d3 b5 6. Bb3 Be7 7. c3 Bb7 8. O-O O-O
9. Nbd2 d5 10. exd5 Nxd5 11. Re1 Nf4 12. d4 Nd3 13. Re3 Nxc1 14. Rxc1 exd4 15. cxd4
Bf6 16. Ne4 Be7 17. h3 Na5 18. Ng3 Nxb3 19. Rxb3 Bd5 20. Rbc3 Rc8 21. Ne5 Bf6 22.
Nf5 Be6 23. Ne3 Re8 24. N3g4 Be7 25. Rg3 c5 26. Qf3 Qd5 27. Qf4 Qxd4 28. Qh6 Bxg4
29. Nxg4 Kh8 30. Qxa6 Qxb2 31. Re1 Bh4 32. Rge3 h5 33. Rxe8+ Rxe8 34. Rxe8+ Kh7 35.
Qc8 hxg4 36. Qf5+ g6 37. Qxf7+ Kh6 38. Qf4+ Bg5 39. Qf8+ Qg7 40. Qxg7+ Kxg7 41. hxg4
Kf6 42. Rb8 Ke5 43. Rxb5 Kd4 44. a4 Bd2 45. a5 c4 46. a6 c3 47. Rb1 c2 48. Ra1 Ke4
1-0

[Event "2024 British Rapidplay Championship"]
[Site "Holiday Inn Peterborough - West"]
[Date "2024.03.02"]
[Round "3.36"]
[White "Bowcott-Terry, Finlay"]
[Black "Basson, Heinrich"]
[Result "1/2-1/2"]
[WhiteFideId "449199"]
[BlackFideId "14301440"]
[WhiteElo "2055"]
[BlackElo "1848"]
[EventDate "2024.03.02"]

1. e4 d5 2. exd5 Qxd5 3. Nc3 Qd6 4. Nf3 Nf6 5. d4 c6 6. h3 e6 7. Be2 Nbd7 8. O-O
Be7 9. Re1 Qc7 10. Bf1 O-O 11. Ne5 Bd6 12. Bf4 b6 13. Qf3 Bb7 14. Nxd7 Nxd7 15. Bxd6
Qxd6 16. Rad1 Rad8 17. Ne4 Qc7 18. Qh5 h6 19. c4 Qf4 20. Rd3 Nf6 21. Nxf6+ Qxf6 22.
Red1 Rd7 23. Qe5 Qxe5 24. dxe5 Rxd3 25. Rxd3 Rb8 26. Rd7 Kf8 27. Rc7 c5 28. g4 a5
29. f4 Be4 30. Rd7 Ke8 31. Rd6 Ke7 32. Kf2 f6 33. Ke3 Bh1 34. Bd3 Bg2 35. Kf2 Bh1
36. Be2 Rb7 37. a4 fxe5 38. fxe5 g5 39. b3 Rb8 40. Kg3 Be4 41. Bd3 Bxd3 42. Rxd3
Rf8 43. Rd6 Rb8 44. h4 Rb7 45. h5 Rb8 46. Rc6 Kd7 47. Rd6+ Ke7 48. Kf3 Rf8+ 49. Ke3
Rb8 50. Ke4 Rb7 51. Rd3 Rb8 52. Rd6 Rb7 53. Rc6 Kd7 54. Rd6+ Ke7 55. Rd1 Rb8 56.
Rd6 Rb7 57. Ke3 Rb8 58. Kd3 Rd8 1/2-1/2

[Event "2024 British Rapidplay Championship"]
[Site "Holiday Inn Peterborough - West"]
[Date "2024.03.02"]
[Round "3.37"]
[White "Davies, Peter L"]
[Black "Eckersley-Waites, Tom"]
[Result "1/2-1/2"]
[WhiteFideId "1801171"]
[BlackFideId "412449"]
[WhiteElo "1876"]
[BlackElo "2264"]
[EventDate "2024.03.02"]

1. e4 e5 2. Nf3 Nc6 3. d4 exd4 4. Nxd4 Bb4+ 5. c3 Bc5 6. Be3 Bb6 7. Be2 Nf6 8. Nd2
O-O 9. O-O Re8 10. Bf3 d5 11. Nxc6 bxc6 12. Bg5 h6 13. Bxf6 Qxf6 14. exd5 Ba6 15.
Re1 cxd5 16. Nb3 c6 17. Qd2 g5 18. Rxe8+ Rxe8 19. Re1 Re6 20. h3 Bc8 21. a4 a5 22.
Nd4 Bxd4 23. cxd4 Rxe1+ 24. Qxe1 Kg7 25. Qxa5 Qxd4 26. Qc7 Qxb2 27. Qxc8 Qc1+ 28.
Kh2 Qf4+ 29. Kg1 Qe4 30. Bd1 1/2-1/2

[Event "2024 British Rapidplay Championship"]
[Site "Holiday Inn Peterborough - West"]
[Date "2024.03.02"]
[Round "3.38"]
[White "Okhai, Shabir"]
[Black "Sisupalan, Beni"]
[Result "1/2-1/2"]
[WhiteFideId "445134"]
[BlackFideId "494585"]
[WhiteElo "2077"]
[BlackElo "1756"]
[EventDate "2024.03.02"]

1. e4 e5 2. Nf3 Nc6 3. Bc4 Bc5 4. c3 Nf6 5. d3 d6 6. O-O h6 7. Re1 O-O 8. Nbd2 Be6
9. Bxe6 fxe6 10. b4 Bb6 11. Nc4 Qe8 12. a4 a6 13. Nxb6 cxb6 14. Be3 b5 15. axb5 axb5
16. Rxa8 Qxa8 17. Qe2 Qa3 18. Qc2 Rc8 19. Qc1 Qb3 20. Nd2 Qa2 21. Qb1 Qa3 22. Qb3
Qxb3 23. Nxb3 Kf7 24. Ra1 Ng4 25. Bb6 Nf6 26. Be3 Ng4 27. Bd2 Ke7 28. f3 Nf6 29.
Kf2 Nd7 30. Na5 Rc7 31. Nxc6+ bxc6 32. Ra6 d5 33. Ke2 c5 34. bxc5 Nxc5 35. Rb6 Rb7
36. Be3 Rxb6 37. Bxc5+ Rd6 38. Kd2 Kd7 39. Bxd6 Kxd6 40. Kc2 Kc5 41. Kb3 d4 42. c4
bxc4+ 43. dxc4 g6 44. g3 g5 45. g4 Kc6 1/2-1/2

[Event "2024 British Rapidplay Championship"]
[Site "Holiday Inn Peterborough - West"]
[Date "2024.03.02"]
[Round "3.39"]
[White "Martin, Lewis"]
[Black "Kaszuba, Adrian"]
[Result "1-0"]
[WhiteFideId "410551"]
[BlackFideId "41849027"]
[WhiteElo "2192"]
[BlackElo "1649"]
[EventDate "2024.03.02"]

1. e4 g6 2. d4 Bg7 3. Nf3 d6 4. Bc4 Nf6 5. Nc3 O-O 6. O-O c6 7. Qe2 Nbd7 8. e5 dxe5
9. dxe5 Ne8 10. Bg5 Nb6 11. Rad1 Qc7 12. Bb3 Bg4 13. Rfe1 Bxf3 14. gxf3 h6 15. Bh4
e6 16. f4 Nd5 17. Qf3 a5 18. a4 Ne7 19. Ne4 Nf5 20. Qh3 c5 21. Bc4 Qb6 22. b3 Nc7
23. Rd7 Qc6 24. Rd3 Nd5 25. Bxd5 exd5 26. Nf6+ Kh8 27. Nxd5 Nxh4 28. Qxh4 c4 29.
bxc4 Qxc4 30. Ne3 Qxa4 31. Red1 Kg8 32. Ng4 h5 33. Nf6+ Kh8 34. Nxh5 gxh5 35. Qxh5+
Kg8 36. Rh3 Rfd8 37. Qh7+ Kf8 38. Rb1 Qxf4 39. e6 Qg4+ 40. Rg3 Qxe6 41. Qxg7+ Ke8
42. Re3 Rd5 1-0

[Event "2024 British Rapidplay Championship"]
[Site "Holiday Inn Peterborough - West"]
[Date "2024.03.02"]
[Round "3.40"]
[White "Mittal, Aditya"]
[Black "Jermy, Jaden"]
[Result "1-0"]
[WhiteFideId "499250"]
[BlackFideId "459496"]
[WhiteElo "1794"]
[BlackElo "1978"]
[EventDate "2024.03.02"]

1. b3 e5 2. Bb2 d6 3. c4 g6 4. e3 Bg7 5. Nc3 f5 6. Be2 Nf6 7. d4 O-O 8. dxe5 dxe5
9. Nf3 Nbd7 10. O-O c6 11. Ba3 Re8 12. Rc1 Qa5 13. Bd6 e4 14. Nd4 Ne5 15. b4 Qd8
16. c5 Bf8 17. Qb3+ Kh8 18. Rfd1 Bxd6 19. cxd6 Qxd6 20. Nxf5 Qe6 21. Nd6 Qxb3 22.
axb3 Re7 23. Ncxe4 Nxe4 24. Nxe4 Bf5 25. Nc5 a5 26. Rd4 axb4 27. Rxb4 Ra2 28. Re1
b5 29. Rd4 Rea7 30. Bf3 Rc2 31. Rd8+ Kg7 32. Ne4 Raa2 33. Rf1 Rcb2 34. Nc5 Nxf3+
35. gxf3 Bh3 36. Nd3 Bxf1 37. Nxb2 Be2 38. Rd7+ Kh6 39. Nd3 Bxf3 40. h3 Bd5 41. b4
Ra1+ 42. Kh2 Rh1+ 43. Kg3 Rd1 44. Ne5 Rg1+ 45. Kf4 Be6 46. Rd6 Bxh3 47. Rxc6 Rf1
48. f3 Rb1 49. Nd3 Bf1 50. Ne5 Rxb4+ 51. e4 Bh3 52. Rb6 Rb3 53. Rb7 Be6 54. Re7 g5+
55. Kg3 Bc4 56. Rc7 Be2 57. Kg4 b4 58. Nf7+ Kg6 59. Nxg5 h5+ 60. Kf4 Rc3 61. Rb7
b3 62. Rb6+ Kg7 63. Ne6+ Kf7 64. Nd4 Bd1 65. Kg5 Rd3 66. Nc6 Ke8 67. Ne5 Rc3 68.
f4 Rc5 69. Kf6 Rc8 70. Rb7 Bg4 71. f5 Ra8 72. Re7+ Kf8 73. Ng6+ Kg8 74. Rg7# 1-0

[Event "2024 British Rapidplay Championship"]
[Site "Holiday Inn Peterborough - West"]
[Date "2024.03.02"]
[Round "3.41"]
[White "Kennedy, Craig"]
[Black "Manley, Jon P"]
[Result "0-1"]
[WhiteFideId "408905"]
[BlackFideId "403296"]
[WhiteElo "1839"]
[BlackElo "2160"]
[EventDate "2024.03.02"]

1. Nf3 d5 2. g3 Nf6 3. Bg2 c6 4. O-O Bg4 5. d3 Nbd7 6. Nbd2 e5 7. h3 Bxf3 8. Bxf3
Be7 9. e4 dxe4 10. dxe4 O-O 11. Qe2 a5 12. a4 Nc5 13. Nc4 Qc7 14. b3 Ne6 15. c3 Rfe8
16. Be3 Nc5 17. Qc2 b5 18. Nd2 Nfd7 19. Bg2 Bf8 20. f4 exf4 21. gxf4 Nf6 22. axb5
Rac8 23. bxc6 Qxc6 24. Rxa5 Ncxe4 25. Nxe4 Nxe4 26. Bd4 Rcd8 27. Qb2 Qg6 28. f5 Qg3
29. Rf3 Qe1+ 30. Rf1 Qh4 31. Bxe4 Rxe4 32. Qg2 Rde8 33. f6 Re2 34. Qg4 Qxg4+ 35.
hxg4 g6 36. Raa1 R2e4 37. Kh2 Rxg4 38. Rae1 Ra8 39. Re2 h5 40. Rfe1 Rh4+ 41. Kg3
Rg4+ 42. Kh3 Kh7 43. Re8 Rxe8 44. Rxe8 Bd6 45. Re3 Bf4 46. Rd3 g5 47. b4 Kg6 48.
b5 Rh4+ 49. Kg2 Rh2+ 50. Kg1 Rb2 51. b6 Kf5 52. c4 Rb1+ 53. Kg2 h4 54. c5 g4 55.
Bg1 h3+ 56. Kf2 Rb2+ 57. Kf1 g3 58. c6 h2 59. Bxh2 gxh2 60. Rh3 Rxb6 0-1

[Event "2024 British Rapidplay Championship"]
[Site "Holiday Inn Peterborough - West"]
[Date "2024.03.02"]
[Round "3.42"]
[White "Cheng, Louis"]
[Black "Surtees, Mike J"]
[Result "1-0"]
[WhiteFideId "2410389"]
[BlackFideId "412619"]
[WhiteElo "1840"]
[BlackElo "2035"]
[EventDate "2024.03.02"]

1. e4 c6 2. d4 d5 3. Nc3 a6 4. Nf3 Bg4 5. h3 Bxf3 6. Qxf3 e6 7. exd5 cxd5 8. a3 Nc6
9. Be3 g6 10. Bd3 Bg7 11. Ne2 Nge7 12. O-O O-O 13. Rfd1 Rc8 14. Rac1 b5 15. c3 Na5
16. Bg5 f6 17. Bh4 Nc4 18. b3 Nb2 19. Rd2 Nxd3 20. Rxd3 Qd6 21. Bg3 Qxa3 22. Nf4
Qxc1+ 23. Kh2 Rc6 24. Re3 Rfc8 25. Qg4 f5 26. Qh4 Kf7 27. Nd3 Qd2 28. Be5 Rxc3 29.
Qxh7 Rxd3 30. Qxg7+ Ke8 31. Bd6 Kd7 32. Qxe7+ Kc6 33. Qxe6 Rxe3 34. fxe3 Re8 35.
Be7+ Kc7 36. Qd6+ Kb7 37. Qd7+ Kb6 38. Qxe8 Qc3 1-0

[Event "2024 British Rapidplay Championship"]
[Site "Holiday Inn Peterborough - West"]
[Date "2024.03.02"]
[Round "3.43"]
[White "Cheng, Wing"]
[Black "Banerjee, Supratit"]
[Result "0-1"]
[WhiteFideId "343443621"]
[BlackFideId "2410079"]
[WhiteElo "1829"]
[BlackElo "1962"]
[EventDate "2024.03.02"]

1. e4 e6 2. d4 d5 3. exd5 exd5 4. Nf3 Nf6 5. Bd3 Bd6 6. O-O O-O 7. Bg5 Bg4 8. Nbd2
Nbd7 9. c3 c6 10. Qc2 Qc7 11. h3 Bh5 12. Rfe1 Bg6 13. Re2 Rfe8 14. Rae1 Rxe2 15.
Rxe2 Bxd3 16. Qxd3 h6 17. Bxf6 Nxf6 18. Ne5 Re8 19. Ndf3 Ne4 20. Qc2 b5 21. Nd3 a5
22. Nd2 f5 23. Nxe4 fxe4 24. Ne1 Qf7 25. f3 Rf8 26. Rf2 Bg3 27. Rf1 e3 28. Qe2 Re8
29. Nd3 Qf5 30. f4 Qxd3 31. Qxd3 e2 0-1

[Event "2024 British Rapidplay Championship"]
[Site "Holiday Inn Peterborough - West"]
[Date "2024.03.02"]
[Round "3.44"]
[White "Alizada, Eldar A"]
[Black "Patel, Keatan"]
[Result "0-1"]
[WhiteFideId "464104"]
[BlackFideId "477613"]
[WhiteElo "1975"]
[BlackElo "1779"]
[EventDate "2024.03.02"]

1. d4 Nf6 2. c4 e6 3. Nc3 d5 4. cxd5 exd5 5. Bg5 Be7 6. e3 c6 7. Bd3 O-O 8. Nge2
Nbd7 9. O-O Re8 10. Qc2 Nf8 11. f3 Ng6 12. e4 dxe4 13. fxe4 Ng4 14. Bxe7 Qxe7 15.
Rf3 Qg5 16. Rg3 Qh4 17. h3 Nf6 18. Rf1 Be6 19. Rgf3 Qg5 20. Rg3 Qh4 21. Na4 Nh5 22.
Rgf3 Qg5 23. Qc1 Qxc1 24. Nxc1 b6 25. Nc3 Nf6 26. b3 Rad8 27. N1e2 c5 28. d5 Bd7
29. Bc2 Ne5 30. Rg3 Kh8 31. Nf4 b5 32. Nd3 Nxd3 33. Bxd3 b4 34. Nb5 Nxe4 35. Bxe4
Bxb5 36. Rf4 f6 37. Bd3 Bxd3 38. Rxd3 Re5 39. d6 Kg8 40. g4 Re6 41. Rc4 Rexd6 42.
Rxd6 Rxd6 43. Rxc5 Rd1+ 44. Kg2 Rd2+ 45. Kg3 Rxa2 46. Rb5 a5 47. Kf4 Ra3 48. h4 Rxb3
49. Rxa5 Rb1 50. h5 b3 51. Kf5 b2 52. Ra8+ Kf7 53. Ra7+ Ke8 54. Ra8+ Kd7 55. Ra7+
Kc8 0-1

[Event "2024 British Rapidplay Championship"]
[Site "Holiday Inn Peterborough - West"]
[Date "2024.03.02"]
[Round "3.45"]
[White "Milewska, Agnieszka"]
[Black "Kovalskyi, Roman"]
[Result "1-0"]
[WhiteFideId "1196391"]
[BlackFideId "14184214"]
[WhiteElo "1823"]
[BlackElo "1983"]
[EventDate "2024.03.02"]

1. d4 d5 2. c4 e6 3. e3 c5 4. Nf3 Nf6 5. Nc3 Nc6 6. dxc5 Bxc5 7. cxd5 exd5 8. Be2
O-O 9. O-O Be6 10. b3 Qe7 11. Bb2 Rfd8 12. Nd4 a6 13. Bf3 Ne5 14. Nxe6 fxe6 15. Na4
Bd6 16. Rc1 b5 17. Bxe5 Bxe5 18. Nc3 Rac8 19. Ne2 Rc7 20. Rxc7 Qxc7 21. g3 Rc8 22.
Nd4 Bxd4 23. Qxd4 Qc5 24. Qe5 Kf7 25. h4 Qc3 26. Qf4 Kg8 27. Bg4 e5 28. Qf5 Rc6 29.
Be2 Kf7 30. g4 g6 31. Qf3 Kg7 32. g5 Ne4 33. Qg4 Rc7 34. Qe6 Qb2 35. Bf3 Nd2 36.
Qf6+ 1-0

[Event "2024 British Rapidplay Championship"]
[Site "Holiday Inn Peterborough - West"]
[Date "2024.03.02"]
[Round "3.46"]
[White "Brett, Andrew R"]
[Black "Graham, Neil"]
[Result "1-0"]
[WhiteFideId "416460"]
[BlackFideId "408999"]
[WhiteElo "2119"]
[BlackElo "1824"]
[EventDate "2024.03.02"]

1. d4 Nf6 2. c4 e5 3. dxe5 Ng4 4. e3 h5 5. Nc3 Bb4 6. Bd2 Nc6 7. f4 Bc5 8. Qf3 d6
9. exd6 Qxd6 10. O-O-O Nf6 11. h3 O-O 12. Nge2 Re8 13. Ng3 g6 14. e4 Nd4 15. Qd3
Qa6 16. e5 Nh7 17. Kb1 Nf5 18. Nge4 Bb4 19. g4 Ng7 20. Nd5 Bxd2 21. Rxd2 Be6 22.
Nxc7 Qa5 23. Nxa8 Rxa8 24. Nf6+ Nxf6 25. exf6 Ne8 26. Qd4 hxg4 27. hxg4 Bxg4 28.
Be2 Bxe2 29. Rxe2 Rd8 30. Qe5 1-0

[Event "2024 British Rapidplay Championship"]
[Site "Holiday Inn Peterborough - West"]
[Date "2024.03.02"]
[Round "3.47"]
[White "Dasgupta, Avyukt"]
[Black "Smith, Gary P"]
[Result "1-0"]
[WhiteFideId "480630"]
[BlackFideId "424625"]
[WhiteElo "1905"]
[BlackElo "1815"]
[EventDate "2024.03.02"]

1. e4 e5 2. Nf3 Nf6 3. Nxe5 d6 4. Nf3 Nxe4 5. d4 d5 6. Bd3 Bd6 7. O-O O-O 8. c4 c6
9. Nc3 Nxc3 10. bxc3 h6 11. h3 Nd7 12. Qb3 Nf6 13. Ba3 Bxa3 14. Qxa3 Be6 15. c5 Ne4
16. Ne5 f5 17. f3 Ng3 18. Rfe1 Qf6 19. Qb2 Rab8 20. Qf2 f4 21. Ng6 Rfe8 22. Kh2 Bf7
23. Nxf4 Qxf4 24. Qxg3 Qd2 25. f4 Kf8 26. Bf5 Rxe1 27. Rxe1 Re8 28. Rb1 Re3 29. Qh4
Re2 30. Qg4 Qxa2 31. Rxb7 a5 32. Bd7 a4 33. Rb8+ Ke7 34. Bxc6 a3 35. Qxg7 Qd2 36.
Rb7+ Kd8 37. Qf8+ Re8 38. Qd6+ 1-0